000 00573nam a22001930 4500
001 ocn971707013x
005 20150202100106.0
008 991028s1996 eng
020 _a971707013X
_cPhp300.00
050 _aPN 59
_b.T36 1998
100 1 _aTan, Arsenia B.
245 1 0 _aIntroduction to literature /
_cArsenia B. Tan.
250 _a3rd ed.
260 _aMandaluyong City :
_bAcademic Pub.,
_cc1998.
300 _aviii, 247 pages :
_c26 cm.
650 _aLiterature
_xCollections.
650 _aLiterature
_xStudy and teaching.
942 _2lcc
_cBK
_kFIL
999 _c282504
_d282504